000 01078nam a2200289Ia 4500
003 OSt
005 20221005110631.0
006 a|||||r|||| 00| 0
007 ta
008 221004b |||||||| |||| 00| 0 hin d
020 _a9788126318650 (hbk)
_cINR 180.00
024 _a37179
037 _bBW/1686, 15/03/2018, Bookwell
_cTextual
040 _aCRL
_cCRL
_bhin
041 _2hin
_ahin
082 _aO152,3N55,SU, Q1
100 _aजैन, वीरेन्द्र, ले.
245 0 _aसुख़फरोश
246 _aSukha़farosha
260 _aनई दिल्ली
_bभारतीय ज्ञानपीठ भारत
_c2011
300 _a186पृ0
_ccm.
490 _aलोकोदय ग्रन्थमाला; ग्रन्थांक 1013
650 _a हिन्दी साहित्य
650 _aहिन्दी कहानी
942 _hO152,3N55,SU, Q1
_cTEXL
_2cc
999 _c1019410
_d1019410